Manager's guide to making decisions about information systems / (Record no. 2412)

000 -LEADER
fixed length control field 01414cam a22003494a 4500
001 - CONTROL NUMBER
control field 14008686
003 - CONTROL NUMBER IDENTIFIER
control field OSt
005 - DATE AND TIME OF LATEST TRANSACTION
control field 20160720092135.0
008 - FIXED-LENGTH DATA ELEMENTS--GENERAL INFORMATION
fixed length control field 050620s2006 njua b 001 0 eng
010 ## - LIBRARY OF CONGRESS CONTROL NUMBER
LC control number 2005017559
020 ## - INTERNATIONAL STANDARD BOOK NUMBER
International Standard Book Number 9780471263593 (cloth)
020 ## - INTERNATIONAL STANDARD BOOK NUMBER
International Standard Book Number 0471263591 (cloth)
040 ## - CATALOGING SOURCE
Original cataloging agency DLC
Transcribing agency DLC
Modifying agency DLC
042 ## - AUTHENTICATION CODE
Authentication code pcc
050 00 - LIBRARY OF CONGRESS CALL NUMBER
Classification number HD30.2.G727 2006
082 00 - DEWEY DECIMAL CLASSIFICATION NUMBER
Classification number 658/.05
Edition number 22
100 1# - MAIN ENTRY--PERSONAL NAME
Personal name Gray, Paul,
Dates associated with a name 1930-
245 10 - TITLE STATEMENT
Title Manager's guide to making decisions about information systems /
Statement of responsibility, etc Paul Gray.
260 ## - PUBLICATION, DISTRIBUTION, ETC. (IMPRINT)
Place of publication, distribution, etc Hoboken, N.J. :
Name of publisher, distributor, etc John Wiley & Sons,
Date of publication, distribution, etc c2006.
300 ## - PHYSICAL DESCRIPTION
Extent xxii, 326 p. :
Other physical details ill. ;
Dimensions 25 cm.
504 ## - BIBLIOGRAPHY, ETC. NOTE
Bibliography, etc Includes bibliographical references and index.
650 #0 - SUBJECT ADDED ENTRY--TOPICAL TERM
Topical term or geographic name as entry element Management
General subdivision Data processing.
650 #0 - SUBJECT ADDED ENTRY--TOPICAL TERM
Topical term or geographic name as entry element Information technology
General subdivision Management.
650 #0 - SUBJECT ADDED ENTRY--TOPICAL TERM
Topical term or geographic name as entry element Decision making
General subdivision Data processing.
650 #0 - SUBJECT ADDED ENTRY--TOPICAL TERM
Topical term or geographic name as entry element Management information systems.
856 41 - ELECTRONIC LOCATION AND ACCESS
Materials specified Table of contents only
Uniform Resource Identifier <a href="http://www.loc.gov/catdir/toc/ecip0515/2005017559.html">http://www.loc.gov/catdir/toc/ecip0515/2005017559.html</a>
856 42 - ELECTRONIC LOCATION AND ACCESS
Materials specified Contributor biographical information
Uniform Resource Identifier <a href="http://www.loc.gov/catdir/enhancements/fy0622/2005017559-b.html">http://www.loc.gov/catdir/enhancements/fy0622/2005017559-b.html</a>
856 42 - ELECTRONIC LOCATION AND ACCESS
Materials specified Publisher description
Uniform Resource Identifier <a href="http://www.loc.gov/catdir/enhancements/fy0622/2005017559-d.html">http://www.loc.gov/catdir/enhancements/fy0622/2005017559-d.html</a>
906 ## - LOCAL DATA ELEMENT F, LDF (RLIN)
a 7
b cbc
c orignew
d 1
e ecip
f 20
g y-gencatlg
942 ## - ADDED ENTRY ELEMENTS (KOHA)
Source of classification or shelving scheme
Koha item type Book
Holdings
Withdrawn status Lost status Source of classification or shelving scheme Damaged status Not for loan Home library Current library Shelving location Date acquired Total Checkouts Full call number Barcode Date last seen Copy number Price effective from Koha item type Date checked out
          Riara University Library Riara University Library General stack 20/07/2016   HD30.2.G727 2006 7911/16 20/07/2016 C.1 20/07/2016 Book  
          Riara University Library Riara University Library General stack 03/08/2016 1 HD30.2.G727 2006 8166/16 31/07/2017 C.2 03/08/2016 Book 27/07/2017

Riara University Library,
P.O. Box 49940-00100,
Nairobi, Kenya.